Welcome to CU Library Online Public Access Catalogue (OPAC)

A practical approach to digital electronics / (Record no. 8248)

MARC details
000 -LEADER
fixed length control field 00730cam a22002174a 4500
001 - CONTROL NUMBER
control field 4995239
005 - DATE AND TIME OF LATEST TRANSACTION
control field 20251112190121.0
008 - FIXED-LENGTH DATA ELEMENTS--GENERAL INFORMATION
fixed length control field 990319s2000 njua 001 0 eng
020 ## - INTERNATIONAL STANDARD BOOK NUMBER
International Standard Book Number 0137275951
020 ## - INTERNATIONAL STANDARD BOOK NUMBER
International Standard Book Number 9780137275953
050 00 - LIBRARY OF CONGRESS CALL NUMBER
Classification number TK7868.D5
Item number D595 2000
082 00 - DEWEY DECIMAL CLASSIFICATION NUMBER
Classification number 621.381
Edition information 21
100 1# - MAIN ENTRY--PERSONAL NAME
Personal name Dixon, Alan C.
245 12 - TITLE STATEMENT
Title A practical approach to digital electronics /
Statement of responsibility, etc. Alan C. Dixon, James L. Antonakos.
260 ## - PUBLICATION, DISTRIBUTION, ETC.
Place of publication, distribution, etc. Upper Saddle River, N.J. :
Name of publisher, distributor, etc. Prentice Hall,
Date of publication, distribution, etc. 2000.
300 ## - PHYSICAL DESCRIPTION
Extent xviii, 376 p. :
Other physical details ill. ;
Dimensions 26 cm.
Accompanying material + 1 CD-ROM (4 3/4 in.)
650 #0 - SUBJECT ADDED ENTRY--TOPICAL TERM
Topical term or geographic name entry element Digital electronics.
700 1# - ADDED ENTRY--PERSONAL NAME
Personal name Antonakos, James L.
856 41 - ELECTRONIC LOCATION AND ACCESS
Materials specified Table of contents
Uniform Resource Identifier <a href="http://www.loc.gov/catdir/toc/fy034/99026192.html">http://www.loc.gov/catdir/toc/fy034/99026192.html</a>
942 ## - ADDED ENTRY ELEMENTS (KOHA)
Source of classification or shelving scheme Library of Congress Classification
Koha item type Books
Suppress in OPAC No
999 ## -
-- 8248
-- 8248
Holdings
Withdrawn status Lost status Source of classification or shelving scheme Damaged status Not for loan Collection Home library Current library Shelving location Date acquired Total checkouts Full call number Barcode Date last seen Copy number Price effective from Koha item type
    Library of Congress Classification     Non-fiction Science Library (Miotso) Science Library (Miotso) General stacks 11/12/2025   TK7868.D5 D595 DIX SLM00005815 11/12/2025 1 11/12/2025 Books
© 2023-2024 Copyright: Central University Libraries. All Rights Reserved | Created by: Mahone Tech Office